Φορτώνει......

Varakalum varikalum/

Λεπτομέρειες βιβλιογραφικής εγγραφής
Κύριος συγγραφέας: Kunjunni
Μορφή: Printed Book
Έκδοση: Aluva: Balasahithy, 1998.
Θέματα:
LEADER 00665nam a22001691a 4500
999 |c 49116  |d 49116 
082 |a M 080 928 2  |b KUN/V 
100 |a Kunjunni 
245 |a Varakalum varikalum/  |c by Kunjunni 
260 |a Aluva:  |b Balasahithy,  |c 1998. 
300 |a 32p. 
650 |a Children's Literature Malayalam 
650 |a Literature Malayalam 
650 |a Literature 
942 |c BK 
952 |0 0  |1 0  |4 0  |6 M_803_000000000000000_KUN_N98  |7 0  |9 71285  |a SSUS  |b SSUS  |d 2015-01-08  |g 12.00  |o M803 KUN N98  |p 032290  |r 2015-01-08  |v 0.00  |w 2015-01-08  |y BK 
952 |0 0  |1 0  |4 0  |6 M_080_928000000000000_2_KUN_V  |7 0  |9 101893  |a SSUS  |b SSUS  |c STACKS  |d 2020-02-12  |o M080 928 2 KUN/V  |p 098668  |r 2020-02-12  |w 2020-02-12  |y BK